| 000 | 00451nam a2200181 4500 | ||
|---|---|---|---|
| 003 | LK-CoMWRAF | ||
| 005 | 20240103110815.0 | ||
| 008 | 230909b1991 |||||||| |||| 00| 0 eng d | ||
| 020 | _a0706954106 | ||
| 040 |
_aLK-CoMWRAF _dLK-CoMWRAF _eLK-CoMWRAF |
||
| 041 | _aeng | ||
| 082 |
_a823 _bSIN |
||
| 245 | _aMy favourite rhymes 2 | ||
| 260 |
_bVikas publishing house, _c1991 |
||
| 650 | _aShort stories | ||
| 700 |
_aSingh, Girija _eills. |
||
| 942 | _cBK | ||
| 999 |
_c3521 _d3521 |
||